Central Library OPAC University of Rajshahi

Netball : (Record no. 16583)

MARC details
000 -LEADER
fixed length control field 00705nam a22002292a 4500
001 - CONTROL NUMBER
control field 16583
003 - CONTROL NUMBER IDENTIFIER
rucl marc code BD-RjUL
005 - DATE AND TIME OF LATEST TRANSACTION
control field 20211209000028.0
008 - FIXED-LENGTH DATA ELEMENTS--GENERAL INFORMATION
fixed length control field 140215s1962 enkao 000 0 eng d
035 ## - SYSTEM CONTROL NUMBER
System control number (BD-RjUL)16638
-- OCLC ocm15636897 from D950405M
040 ## - CATALOGING SOURCE
Original cataloging agency AAM
Transcribing agency AAM
Modifying agency UKM
-- EQO
-- BD-RjUL
Language of cataloging eng
041 ## - LANGUAGE CODE
Language code of text/sound track or separate title eng
082 00 - DEWEY DECIMAL CLASSIFICATION NUMBER
Classification number 796.32
Edition number 18
100 1# - MAIN ENTRY--PERSONAL NAME
Personal name Butcher, D. W.
Fuller form of name (Dorothy Winifred),
Dates associated with a name 1920-
9 (RLIN) 51238
245 10 - TITLE STATEMENT
Title Netball :
Remainder of title Do it this way /
Statement of responsibility, etc. Dorothy W. Butcher ; photographs by John Barlee.
260 ## - PUBLICATION, DISTRIBUTION, ETC. (IMPRINT)
Place of publication, distribution, etc. London :
Name of publisher, distributor, etc. J. Murray,
Date of publication, distribution, etc. 1962
300 ## - PHYSICAL DESCRIPTION
Pagination 80 p. :
Illustrations ill., photos. ;
Size 22 cm
650 #0 - SUBJECT ADDED ENTRY--TOPICAL TERM
Topical term or geographic name as entry element Netball.
9 (RLIN) 51239
700 1# - ADDED ENTRY--PERSONAL NAME
Personal name Barlee, John.
942 ## - ADDED ENTRY ELEMENTS (KOHA)
Source of classification or shelving scheme Dewey Decimal Classification
Koha item type Books
Holdings
Lost status Source of classification or shelving scheme Damaged status Not for loan Collection code Permanent Location Current Location Shelving location Date acquired Source of acquisition Cost, normal purchase price Total Checkouts Full call number Date last seen Copy number Koha item type
  Dewey Decimal Classification   Not For Loan Non-fiction Central Library, University of Rajshahi Central Library, University of Rajshahi Reading Room 04/03/1964 Zeitlinger 12.60   796.32 BUN 1962 15/02/2014 C-1 Books